Luật học = Jurisprudence journal

সংরক্ষণ করুন:
গ্রন্থ-পঞ্জীর বিবরন
বিন্যাস: গ্রন্থ
ভাষা:Undetermined
প্রকাশিত: Hà Nội Trường Đại học Luật Hà Nội 2020
বিষয়গুলি:
ট্যাগগুলো: ট্যাগ যুক্ত করুন
কোনো ট্যাগ নেই, প্রথমজন হিসাবে ট্যাগ করুন!
Thư viện lưu trữ: Trung tâm Học liệu Trường Đại học Cần Thơ
LEADER 00551nam a2200193Ia 4500
001 CTU_238573
008 210402s9999 xx 000 0 und d
020 |c 20000 
082 |a 340 
082 |b L504 
245 0 |a Luật học = 
245 0 |b Jurisprudence journal 
245 0 |c Trường Đại học Luật Hà Nội 
260 |a Hà Nội 
260 |b Trường Đại học Luật Hà Nội 
260 |c 2020 
650 |a Laws,Luật 
904 |i T.Trang 
980 |a Trung tâm Học liệu Trường Đại học Cần Thơ